000 00311 a2200109 4500
001 ART_38405
005 20260410161739.0
008 260409a
245 1 0 _a¿Igualdad o discriminación positiva?
100 1 _aSlavin, Luis P.
773 0 _tDoctrina laboral
_g- Nº 350 (oct. 2014)
_wREV4049
999 _c18585
_d18585